| 000 | 00711nam a22002177a 4500 | ||
|---|---|---|---|
| 999 |
_c10924 _d10924 |
||
| 003 | AR-CdUCM | ||
| 008 | 190402b ||||| |||| 00| 0 spa d | ||
| 040 |
_aMUNICIPALIDAD PROVINCIAL DEL CUSCO _cBIBLIOTECA MUNICIPAL DEL CUSCO |
||
| 082 |
_26ed. _a985 / _bW55 / 1930 |
||
| 100 |
_aWiesse, Carlos, _927998 |
||
| 245 |
_aHistoria del Perú . _bPrehispánico / |
||
| 260 |
_aLima : _bE. Rosay, _c1930. |
||
| 300 |
_a222 paginas ; _bIlustraciones, _c18 cm. |
||
| 505 | _aContenido : Historia del Perú | ||
| 650 |
_aÉpoca preincaica _927999 |
||
| 650 |
_aAtahuallpa y huascar _912743 |
||
| 650 |
_aGrandes campañas _928000 |
||
| 650 |
_aAbolición de San Martín _928001 |
||
| 942 |
_2ddc _cLIBROS |
||
| 945 | _awnts | ||